Qatari football players by picture - Statistics

General Stats
  • This quiz has been taken 7 times
  • The average score is 7 of 12
Answer Stats
Picture Answer % Correct
Akram Afif
100%
Almoez Ali
100%
Hassan Al Haydos
67%
Jassem Gaber
67%
Khalfan Ibrahim
67%
Meshaal Barsham
67%
Mohammed Muntari
67%
Tarek Salman
67%
Bassam Al Rawi
33%
Boualem Khoukhi
33%
Homam Al Amin
33%
Mohammed Waad
33%
No matching quizzes found
Score Distribution
Percent of People with Each Score
Percentile by Number Answered
Your Score History
You have not taken this quiz